Aplicación del principio de "ley penal más benigna" (Registro nro. 19722)

Detalles MARC
000 -LEADER
fixed length control field 00376 a2200121 4500
001 - CONTROL NUMBER
control field ART_38269
005 - DATE AND TIME OF LATEST TRANSACTION
control field 20260410161752.0
008 - FIXED-LENGTH DATA ELEMENTS--GENERAL INFORMATION
fixed length control field 260409a
100 1# - MAIN ENTRY--PERSONAL NAME
Personal name Semachowicz, Esteban D.
245 10 - TITLE STATEMENT
Title Aplicación del principio de "ley penal más benigna"
700 1# - ADDED ENTRY--PERSONAL NAME
Personal name Balestretti, Manuel E.
773 0# - HOST ITEM ENTRY
Title Doctrina tributaria
Related parts - Nº 414 (sep. 2014)
Record control number REV4296

No hay ítems disponibles.